[Event "Sec Svetla op"]
[Site "Sec u Chrudimi"]
[Date "2008.10.28"]
[Round "4"]
[White "Cesanek, Jaroslav"]
[Black "Hajek, Jiri2"]
[Result "1/2-1/2"]
[WhiteElo "1750"]
[BlackElo "1836"]
[PlyCount "41"]
[EventDate "2008.10.25"]
[EventType "swiss"]
[EventRounds "9"]
[EventCountry "CZE"]
[SourceTitle "EXT 2023"]
[Source "ChessBase"]
[SourceDate "2022.10.05"]
[SourceVersion "1"]
[SourceVersionDate "2022.10.05"]
[SourceQuality "1"]

1. d4 g6 2. c4 Bg7 3. Nc3 Nf6 4. e4 d6 5. f3 0-0 6. Be3 e5 7. dxe5 dxe5 8. Qxd8 Rxd8 9. Rd1 Rxd1+ 10. Kxd1 c6 11. Nge2 Be6 12. Nc1 Nbd7 13. Na4 Rd8 14. Kc2 Nh5 15. b3 b6 16. Nd3 Kf8 17. Be2 Ke7 18. Rd1 Nf8 19. Bg5+ f6 20. Be3 Bh8 21. g4 1/2-1/2